LEADER 00981nam a2200193 i 4500 001 000000248279 003 CaOOAMICUS 005 20160309000000.0 008 160309s1731 it u000 u lat u 013 $a227184 026 $ar-o- 3130 e-t* miBe (3) 1731 (R) [*= ae] 040 $aSeMil$bita 245 10$aPars hyemalis a dominica 1. octobris usque ad octavam epiph. 300 $a[52], 643, [2], 134, [20] p., [2] carte di tav. :$bill. 500 $aLegate in fine al vol. altre messe proprie dei santi. 773 0 $aChiesa Cattolica$tBreviarium ambrosianum sancti Caroli cardinalis archiepisch. jussu editum, et novissime Benedicti card. Odescalchi archiepiscopi auctoritate recognitum.$dMediolani : Apud Beniamin de Sirturis, impress. archiep., 1731$g1$w()33047 850 $aSeMil 852 $aSeMil$W1$xVenegono$y1$m3K II 96 FA$j198625$B198625$CSeMilBibl$Z2$F209745 $8I 996 $6245$aPars hyemalis a dominica 1. octobris usque ad octavam epiph$9(OLS)http://semarc/title/350371 LEADER 01000nam a2200229 i 4500 001 000000200876 003 CaOOAMICUS 005 20110414000000.0 008 110414n it u000 u ita u 013 $a179577 040 $aSeMil$bita 100 1 $aDi Pesaro, Angelo Maria.$0(OLS)http://semarc/name/72623 245 13$aIl cardinale Lavigerie e la Repubblica francese /$cAngelo Maria Di Pesaro. 260 $a[S.l. :$bs.n.,$c189?] 300 $a1 v. (varie sequenze) ;$c24 cm. 500 $aEstratti da ĞLa rassegna nazionaleğ, voll. 63.-71. - Manca l'estratto del vol. 73. 650 4$aLavigerie, Charles-Martial Allemand .$0(OLS)http://semarc/subject/12170 773 0 $t[Miscellanea politica.$w()24768 850 $aSeMil 852 $aSeMil$W1$xVenegono$y1$m5A II 24/1 FA$j151405$B151405$CSeMilBibl$Z2$F162635 $8I 996 $6245$aIl cardinale Lavigerie e la Repubblica francese$9(OLS)http://semarc/title/290578 996 $6260$a[S.l. :$bs.n.$9(OLS)http://semarc/publisher/31686